000 00660nas a22001937a 4500
003 NALT
005 20210619130555.0
008 200121b th |||p| |||| 00| 0 tha d
040 _aNALT
041 _atha
245 _aจดหมายข่าวสมาคมอาเซียน-ประเทศไทย
246 _aAAT Newsletter
247 _aASEAN Association of Thailand
260 _aสมาคมอาเซียน-ประเทศไทย กระทรวงการต่างประเทศ
310 _aรายสามเดือน
850 _aNALT
942 _cJNR
_s1
_2lcc
998 _a๋jintana
_cjintana
_j1020
_k จำเรียง ระวังสำโรง
999 _c96584
_d96584